| 000 | 00854nam a22002417a 4500 | ||
|---|---|---|---|
| 001 | 4338 | ||
| 003 | FISKH | ||
| 005 | 20250826090726.0 | ||
| 008 | 240730b cb ||||| |||| 00| 0 eng d | ||
| 020 | _a9781740898041 | ||
| 040 |
_aFISKH _beng _cFISKH _dFISKH |
||
| 050 | _aPZ7 | ||
| 082 | _a608 | ||
| 100 | _aCoupe, Robert | ||
| 245 |
_aInventions / _cRobert Coupe |
||
| 260 |
_aSydney : _bWeldon Owen, _c2008. |
||
| 300 |
_a32 pages : _bcolor illustrations ; _c23 cm |
||
| 490 | _aTop Readers | ||
| 520 | _aThere is nothing like adventure! This 36-volume series is full of all the things that interest children, from creepy-crawly insects to space to volcanoes. These full-color gems take children to fascinating places without ever leaving the room. | ||
| 650 |
_aChildren's Book _vEducation _xSports |
||
| 942 |
_2ddc _cBK _n0 |
||
| 999 |
_c4338 _d4338 |
||